000 00622nam a22002177a 4500
003 UA-OsUOA
001 36493
007 ta
008 20060928b un ||||| |||| 00| 0 ukr d
090 _a050
_bВ55
942 _cNP
040 _aUA-OsUOA
_bukr
_cUA-OsUOA
_dUA-OsUOA
245 _aВісті УЗО.
955 _a4
041 _aukr
080 _a050
260 _c2005
310 _a2005: Ч.52(2), Ч.51,
650 7 _a050 Серійні публікації. Періодика галузі, Організація та інші типи поєднання (співробітництва)
_2UDC
999 _c435022
_d435022